000 00582nam a2200217Ia 4500
005 20250326144518.0
008 250326s9999 xx 000 0 und d
020 _a0-618-70500-7
037 _aTextbook
040 _aFMSL
_beng
_cFMSL
041 _aeng
_2eng
084 _aX:51 P7
_qFMSL
100 _aPride W M
_9735149
245 0 _aFoundation of marketing
_cPride W M; Ferrell O C
260 _aNY
_bNY, Houghton Mifflin
_c2007
300 _a537p
365 _b5224.1800000000003
650 _aMarketing
942 _cTB
_hX:51 P7
999 _c1303990
_d1303990